000 00562nam a2200217Ia 4500
003 OSt
005 20220928142116.0
006 a|||||r|||| 00| 0
007 ta
008 220927b |||||||| |||| 00| 0 eng d
024 _a18487
037 _cTextual
040 _aSDCL
_cSDCL
_beng
041 _2eng
_aeng
082 _aO15:gxE94,1,1, 111K8
100 _aNagar Murari Lal Ed.
_9502778
245 0 _aKalpalataviveka.
260 _c1968
942 _hO15:gxE94,1,1, 111K8
_cTEXL
_2CC
999 _c820720
_d820720